Statistics for white outline, yellow middle

Click here to take the quiz!

General Stats

  • This quiz has been taken 4 times
  • The average score is 10 of 34

Answer Stats

HintAnswer% Correct
North AmericaCanada
100%
North AmericaUSA
100%
North AmericaMexico
67%
OceaniaAmerican Samoa
33%
South AmericaArgentina
33%
South AmericaBolivia
33%
South AmericaBrazil
33%
AsiaCambodia
33%
South AmericaChile
33%
South AmericaColombia
33%
South AmericaEcuador
33%
EuropeFinland
33%
North AmericaGuatemala
33%
AsiaIndonesia
33%
AsiaJapan
33%
AfricaKenya
33%
OceaniaNorthern Mariana Islands
33%
EuropeNorway
33%
South AmericaPeru
33%
AsiaPhilippines
33%
North AmericaPuerto Rico
33%
EuropeRussia
33%
AsiaSouth Korea
33%
AsiaThailand
33%
EuropeAlbania
0%
North AmericaDominican Republic
0%
OceaniaGuam
0%
OceaniaNew Zealand
0%
AsiaQatar
0%
AfricaRwanda
0%
AsiaTaiwan
0%
AsiaTurkey
0%
AfricaUganda
0%
North AmericaUS Virgin Islands
0%

Score Distribution

Percentile by Number Answered

Percent of People with Each Score

Your Score History

You have not taken this quiz